[Event "Kragero Resort A 2020"]
[Site "Kragero"]
[Date "2020.02.21"]
[Round "5.20"]
[White "Notkevich, Benjamin Arvola"]
[Black "Royset, Pal"]
[Result "1-0"]
[WhiteElo "2495"]
[BlackElo "2177"]
[Annotator "TA"]
[PlyCount "55"]
[EventDate "2020.02.19"]
[EventType "swiss"]
[EventCountry "NOR"]
[SourceTitle "playchess.com"]
[Source "ChessBase"]
[SourceQuality "1"]

{[%evp 27,55,16,39,35,142,126,139,125,160,106,106,116,120,120,107,95,222,235,222,226,434,412,443,474,520,513,521,514,506,504]} 1. e4 e5 2. Nf3 Nc6 3. d4 exd4 4. Bc4 Nf6 5. e5 d5 6. Bb5 Ne4 7. Nxd4 Bd7 8. Bxc6 bxc6 9. O-O Bc5 10. f3 Ng5 11. f4 Ne4 12. Be3 O-O 13. Nd2 Nxd2 14. Qxd2 Qe7 15. Rae1 {C56: Two Knights: 4 d4 exd4 5 0-0 Nxe4.} f5 (15... a5 $14) 16. Nb3 $16 Bb6 17. Qc3 {White is clearly better.} Rfb8 {[#]} 18. a3 (18. e6 $142 $1 {[%mdl 512]} Be8 (18... Bxe6 19. Bxb6) 19. a3) 18... a5 {[#]} 19. e6 $1 {[%mdl 512]} Be8 (19... Bxe6 20. Bxb6) 20. Rf3 $36 {[%mdl 2048] White is in control.} a4 21. Bxb6 cxb6 {Loses the game.} (21... Rxb6 $16 {was called for.} 22. Nd4 Bg6) 22. Nd4 $18 {[%mdl 64] Double Attack} Qc5 23. Qe3 Bg6 $2 (23... Qf8 24. Qe5 g6) 24. Qe5 b5 25. Rc3 {White is clearly winning.} Qa7 26. Rxc6 Rc8 {Strongly threatening ...Rxc6.} 27. Rxc8+ Rxc8 28. c3 {Accuracy: White = 93%, Black = 36%.} 1-0

[Event "Kragero Resort A 2020"]
[Site "Kragero"]
[Date "2020.02.21"]
[Round "5.21"]
[White "Kjartansson, David"]
[Black "Lund, Terje"]
[Result "1/2-1/2"]
[WhiteElo "2356"]
[BlackElo "2086"]
[Annotator "ChessBase"]
[PlyCount "162"]
[EventDate "2020.02.19"]
[EventType "swiss"]
[EventCountry "NOR"]
[SourceTitle "playchess.com"]
[Source "ChessBase"]
[SourceQuality "1"]
[TimeControl "5400+30"]

1. d4 {[%emt 0:00:00]} d5 {[%emt 0:00:00]} 2. Bf4 {[%emt 0:00:00]} Nf6 {[%emt 0:01:04]} 3. e3 {[%emt 0:00:00]} c5 {[%emt 0:00:59]} 4. Nd2 {[%emt 0:00:41]} Nc6 {[%emt 0:00:31]} 5. c3 {[%emt 0:00:28]} e6 {[%emt 0:00:26]} 6. Ngf3 {[%emt 0:00:11]} Bd6 {[%emt 0:00:48]} 7. Bg3 {[%emt 0:00:08]} O-O {[%emt 0:00:37]} 8. Bd3 {[%emt 0:03:50]} b6 {[%emt 0:00:47]} 9. Qe2 {[%emt 0:06:09]} Bb7 {[%emt 0:06:03]} 10. Rd1 {[%emt 0:02:25]} Qe7 {[%emt 0:12:29]} 11. dxc5 {[%emt 0:03:44]} Bxc5 {[%emt 0:02:39]} 12. e4 {[%emt 0:01:36]} dxe4 {[%emt 0:09:44]} 13. Nxe4 {[%emt 0:00:19]} Nxe4 {[%emt 0:02:52]} 14. Bxe4 {[%emt 0:06:33]} Rad8 {[%emt 0:01:31]} 15. O-O {[%emt 0:00:32]} Rxd1 {[%emt 0:05:03]} 16. Rxd1 {[%emt 0:00:10]} Rd8 {[%emt 0:01:17]} 17. b4 {[%emt 0:14:40]} Bd6 {[%emt 0:02:49]} 18. Bxh7+ {[%emt 0:26:53]} Kxh7 {[%emt 0:00:19]} 19. Qd3+ {[%emt 0:00:09]} Kg8 {[%emt 0:00:30]} 20. Bxd6 {[%emt 0:00:11]} Qf6 {[%emt 0:02:40]} 21. Rd2 {[%emt 0:17:15]} e5 {[%emt 0:15:24]} 22. b5 {[%emt 0:02:44]} e4 {[%emt 0:00:57]} 23. Qxe4 {[%emt 0:01:18]} Rxd6 {[%emt 0:00:31]} 24. Rxd6 {[%emt 0:02:36]} Qxd6 {[%emt 0:00:09]} 25. bxc6 {[%emt 0:00:32]} Bxc6 {[%emt 0:00:07]} 26. Qd4 {[%emt 0:01:50]} Qe7 {[%emt 0:05:58]} 27. Ne5 {[%emt 0:01:20]} Be8 {[%emt 0:03:41]} 28. h3 {[%emt 0:00:54]} f6 {[%emt 0:01:04]} 29. Ng4 {[%emt 0:00:42]} Bf7 {[%emt 0:01:05]} 30. a4 {[%emt 0:00:28]} Be8 {[%emt 0:02:00]} 31. Ne3 {[%emt 0:01:10]} Qa3 {[%emt 0:03:06]} 32. Qc4+ {[%emt 0:02:05]} Kh8 {[%emt 0:01:28]} 33. Qh4+ {[%emt 0:00:19]} Kg8 {[%emt 0:00:07]} 34. Qc4+ {[%emt 0:00:21]} Kh8 {[%emt 0:00:55]} 35. Qc7 {[%emt 0:03:40]} Qxa4 {[%emt 0:01:13]} 36. c4 {[%emt 0:00:26]} Kg8 {[%emt 0:02:52]} 37. g4 {[%emt 0:01:12]} Qd7 {[%emt 0:03:21]} 38. Qb8 {[%emt 0:00:20]} Kh7 {[%emt 0:00:29]} 39. h4 {[%emt 0:00:18]} Bg6 {[%emt 0:00:48]} 40. h5 {[%emt 0:00:15]} Bd3 {[%emt 0:00:43]} 41. Qf4 {[%emt 0:00:51]} Qc6 {[%emt 0:01:20]} 42. Qd4 {[%emt 0:00:54]} Qe4 {[%emt 0:00:40]} 43. Qd7 {[%emt 0:00:34]} Bxc4 {[%emt 0:05:52]} 44. h6 {[%emt 0:00:32]} Kxh6 {[%emt 0:00:15]} 45. Qc8 {[%emt 0:00:36]} Bf7 {[%emt 0:00:54]} 46. Qh8+ {[%emt 0:00:12]} Kg5 {[%emt 0:00:59]} 47. Qxg7+ {[%emt 0:00:19]} Qg6 {[%emt 0:01:03]} 48. Qf8 {[%emt 0:00:10]} Be6 {[%emt 0:00:23]} 49. Qb4 {[%emt 0:00:39]} Kh6 {[%emt 0:00:31]} 50. Qf4+ {[%emt 0:01:06]} Qg5 {[%emt 0:00:32]} 51. Qe4 {[%emt 0:00:20]} Bd7 {[%emt 0:01:26]} 52. Qd4 {[%emt 0:00:30]} Be6 {[%emt 0:01:07]} 53. Qe4 {[%emt 0:00:34]} Qe5 {[%emt 0:00:39]} 54. Qa8 {[%emt 0:00:22]} Qc7 {[%emt 0:00:42]} 55. Qh8+ {[%emt 0:00:24]} Kg6 {[%emt 0:00:18]} 56. Qe8+ {[%emt 0:00:15]} Qf7 {[%emt 0:00:36]} 57. Qa8 {[%emt 0:00:31]} f5 {[%emt 0:00:24]} 58. gxf5+ {[%emt 0:00:58]} Bxf5 {[%emt 0:00:08]} 59. Qc6+ {[%emt 0:00:30]} Qe6 {[%emt 0:01:16]} 60. Qc7 {[%emt 0:00:38]} a5 {[%emt 0:00:12]} 61. Qg3+ {[%emt 0:00:28]} Kf6 {[%emt 0:00:33]} 62. Qh4+ {[%emt 0:00:10]} Kf7 {[%emt 0:00:39]} 63. Qd4 {[%emt 0:00:27]} Be4 {[%emt 0:00:49]} 64. Kf1 {[%emt 0:00:22]} Kg6 {[%emt 0:00:11]} 65. Ke1 {[%emt 0:00:35]} b5 {[%emt 0:00:08]} 66. Qc5 {[%emt 0:00:58]} Qc6 {[%emt 0:00:52]} 67. Qe7 {[%emt 0:00:00]} Bf3 {[%emt 0:00:24]} 68. Kd2 {[%emt 0:00:25]} b4 {[%emt 0:00:29]} 69. Qe5 {[%emt 0:00:11]} a4 {[%emt 0:00:47]} 70. Qf5+ {[%emt 0:00:10]} Kg7 {[%emt 0:00:41]} 71. Qg5+ {[%emt 0:00:06]} Kf8 {[%emt 0:00:21]} 72. Qf4+ {[%emt 0:00:06]} Ke8 {[%emt 0:00:23]} 73. Qxb4 {[%emt 0:00:11]} Kd7 {[%emt 0:00:26]} 74. Nc4 {[%emt 0:01:29]} Qh6+ {[%emt 0:00:39]} 75. Kc2 {[%emt 0:00:47]} Be4+ {[%emt 0:00:21]} 76. Kb2 {[%emt 0:00:13]} Qf6+ {[%emt 0:00:19]} 77. Ka2 {[%emt 0:00:47]} Qxf2+ {[%emt 0:00:21]} 78. Ka3 {[%emt 0:01:20]} Qg3+ {[%emt 0:00:36]} 79. Kxa4 {[%emt 0:00:35]} Bc6+ {[%emt 0:00:27]} 80. Ka5 {[%emt 0:00:08]} Qg5+ {[%emt 0:00:44]} 81. Ka6 {[%emt 0:00:08]} Qb5+ {[%emt 0:00:21]} 1/2-1/2

[Event "Kragero Resort A 2020"]
[Site "Kragero"]
[Date "2020.02.21"]
[Round "5.23"]
[White "Sgircea, Silvia-Raluca"]
[Black "Woithe, Daniel"]
[Result "1/2-1/2"]
[WhiteElo "2275"]
[BlackElo "2067"]
[Annotator "NA"]
[PlyCount "70"]
[EventDate "2020.02.19"]
[EventType "swiss"]
[EventCountry "NOR"]
[SourceTitle "playchess.com"]
[Source "ChessBase"]
[SourceQuality "1"]
[TimeControl "5400+30"]

1. Nf3 {[%emt 0:01:12]} d5 {[%emt 0:00:00]} 2. e3 {[%emt 0:00:13]} Nf6 {[%emt 0:00:00]} 3. c4 {[%emt 0:00:06]} e6 {[%emt 0:00:03]} 4. Nc3 {[%emt 0:00:07]} c5 {[%emt 0:01:14]} 5. cxd5 {[%emt 0:01:33]} exd5 {[%emt 0:01:18]} 6. d4 {[%emt 0:02:11]} Nc6 {[%emt 0:00:05]} 7. Be2 {[%emt 0:00:05]} Bd6 {[%emt 0:02:53]} 8. O-O {[%emt 0:00:37] D32: Tarrasch Defence: Sidelines and lines without g3.} O-O {[%emt 0:00:20]} 9. Nb5 {[%emt 0:07:15]} Be7 {[%emt 0:03:18]} 10. dxc5 {[%emt 0:00:37]} Bxc5 {[%emt 0:00:06]} 11. b3 {[%emt 0:00:33]} Re8 {[%emt 0:05:30]} 12. Bb2 {[%emt 0:04:10]} Ne4 {[%emt 0:00:06]} 13. Nbd4 {[%emt 0:01:00]} Bg4 {[%emt 0:07:14] [#]} 14. Nxc6 $146 {[%emt 0:15:39]} ({Predecessor:} 14. Rc1 Rc8 15. Nxc6 bxc6 16. Nd4 Bxe2 17. Qxe2 Bxd4 18. Bxd4 c5 19. Ba1 d4 20. Qd3 {1-0 (42) Kiltti,J (2192)-Pulkkinen,K (2325) Helsinki 1999}) 14... bxc6 {[%emt 0:00:08]} 15. Nd4 {[%emt 0:00:09]} Bxe2 {[%emt 0:01:46]} 16. Qxe2 {[%emt 0:02:26]} Rc8 {[%emt 0:24:57]} 17. Nf5 {[%emt 0:08:46]} Bf8 {[%emt 0:02:25]} 18. Rfd1 {[%emt 0:06:54]} Qg5 {[%emt 0:05:24]} 19. Ng3 {[%emt 0:04:31]} Bc5 {[%emt 0:11:33]} 20. Bd4 $11 {[%emt 0:14:08]} Nxg3 {[%emt 0:08:24]} 21. hxg3 {[%emt 0:00:12]} Bxd4 {[%emt 0:04:34]} 22. Rxd4 {[%emt 0:00:02]} c5 {[%emt 0:00:09]} 23. Qg4 {[%emt 0:02:30]} Qxg4 {[%emt 0:07:46]} 24. Rxg4 {[%emt 0:00:03]} Kf8 {[%emt 0:00:45]} 25. Rd1 {[%emt 0:02:17]} Red8 {[%emt 0:00:34]} 26. Ra4 {[%emt 0:01:45]} Rc7 {[%emt 0:00:39]} 27. e4 {[%emt 0:01:15]} d4 {[%emt 0:00:29]} 28. Rc4 {[%emt 0:00:11]} Re7 {[%emt 0:02:26]} 29. f3 {[%emt 0:04:38]} Re5 {[%emt 0:02:26]} 30. Kf2 {[%emt 0:02:29]} f5 {[%emt 0:01:12]} 31. exf5 {[%emt 0:01:31]} Rxf5 {[%emt 0:00:48]} 32. b4 {[%emt 0:02:45]} cxb4 {[%emt 0:00:16]} 33. Rxb4 {[%emt 0:00:02]} Rc5 {[%emt 0:01:28]} 34. Rb2 {[%emt 0:01:55]} d3 {[%emt 0:01:24]} 35. Rbd2 {[%emt 0:00:07]} Rcd5 {[%emt 0:00:26]} 1/2-1/2

[Event "Kragero Resort A 2020"]
[Site "Kragero"]
[Date "2020.02.21"]
[Round "5.24"]
[White "Stanford, Sheila Barth"]
[Black "Thorgeirsson, Jon Kristinn"]
[Result "1-0"]
[WhiteElo "2145"]
[BlackElo "2269"]
[Annotator "NA"]
[PlyCount "65"]
[EventDate "2020.02.19"]
[EventType "swiss"]
[EventCountry "NOR"]
[SourceTitle "playchess.com"]
[Source "ChessBase"]
[SourceQuality "1"]
[TimeControl "5400+30"]

1. e4 {[%emt 0:01:51]} e5 {[%emt 0:00:00]} 2. Nf3 {[%emt 0:00:11]} Nc6 {[%emt 0:00:14]} 3. Bc4 {[%emt 0:00:11]} Nf6 {[%emt 0:00:03]} 4. Ng5 {[%emt 0:00:12]} d5 {[%emt 0:00:40]} 5. exd5 {[%emt 0:00:09]} Nd4 {[%emt 0:00:28]} (5... Na5 $11 {keeps the balance.} 6. Bb5+ c6 7. dxc6 bxc6) 6. c3 {[%emt 0:01:13]} b5 {[%emt 0:00:10]} 7. Bf1 {[%emt 0:02:11]} Nxd5 {[%emt 0:00:11]} 8. cxd4 {[%emt 0:00:50]} Qxg5 {[%emt 0:00:08]} 9. Bxb5+ {[%emt 0:00:25]} Kd8 {[%emt 0:00:10]} 10. O-O {[%emt 0:01:03]} Bb7 {[%emt 0:00:51]} 11. Qf3 {[%emt 0:27:44]} e4 {[%emt 0:05:48] C57: Two Knights: Wilkes-Barre/Traxler and 4 Ng5 d5 5 exd5, unusual Black 5th moves.} (11... Rb8 $142) 12. Qh3 {[%emt 0:06:10] [#]} c6 $146 {[%emt 0:06:56]} ({Predecessor:} 12... Bc8 13. d3 Qf6 14. Qh5 Qxd4 15. dxe4 Nf6 16. Qh4 Bd6 17. Nc3 h6 18. Rd1 Qc5 19. Be3 g5 20. Qg3 Qb4 21. e5 {1-0 (21) Charbonneau,P (2509)-Schneider,D (2483) ICC INT 2009}) 13. d3 {[%emt 0:06:33]} Qg6 {[%emt 0:25:45]} 14. dxe4 {[%emt 0:03:34]} Qxe4 {[%emt 0:04:02]} 15. Bd3 {[%emt 0:04:28]} Qxd4 {[%emt 0:00:29]} 16. Nc3 {[%emt 0:05:01]} Bd6 {[%emt 0:02:21]} 17. Nxd5 {[%emt 0:03:16]} Qxd5 {[%emt 0:02:14]} 18. Rd1 {[%emt 0:04:43]} Re8 {[%emt 0:01:34]} 19. Be3 {[%emt 0:00:58]} Kc7 {[%emt 0:02:22]} 20. Rac1 {[%emt 0:11:59]} Rad8 {[%emt 0:06:42]} 21. Bc4 {[%emt 0:02:01]} ({Don't play} 21. Bxh7 $6 Qxa2 22. b3 Qe2 $16) 21... Qe4 {[%emt 0:03:15]} 22. Bxa7 {[%emt 0:07:35]} Bf4 $18 {[%emt 0:02:05]} 23. Qb3 Bxc1 24. Bb6+ Kc8 25. Bxd8 c5 26. Bf1 {[%emt 1:27:55]} Bf4 {[%emt 1:39:29]} 27. Bb6 {[%emt 0:00:30]} Qf5 {[%emt 0:00:30]} 28. h3 {[%emt 0:00:30]} Be5 {[%emt 0:00:30]} 29. Qb5 {[%emt 0:00:30]} Qe6 {[%emt 0:00:30]} 30. Qxc5+ {[%emt 0:00:30]} Kb8 {[%emt 0:00:30]} 31. Ba7+ {[%emt 0:00:30]} Ka8 {[%emt 0:00:30]} 32. Qa5 {[%emt 0:00:30]} Qc6 {[%emt 0:00:30]} 33. Bd4+ {[%emt 0:00:30]} 1-0

[Event "Kragero Resort A 2020"]
[Site "Kragero"]
[Date "2020.02.21"]
[Round "5.25"]
[White "Doluhanova, Evgeniya"]
[Black "Jonsson, Gauti Pall"]
[Result "1-0"]
[WhiteElo "2258"]
[BlackElo "2027"]
[Annotator "ChessBase"]
[PlyCount "151"]
[EventDate "2020.02.19"]
[EventType "swiss"]
[EventCountry "NOR"]
[SourceTitle "playchess.com"]
[Source "ChessBase"]
[SourceQuality "1"]
[TimeControl "5400+30"]

1. Nf3 {[%emt 0:03:23]} Nf6 {[%emt 0:00:05]} 2. b3 {[%emt 0:00:06]} g6 {[%emt 0:00:58]} 3. Bb2 {[%emt 0:00:10]} Bg7 {[%emt 0:00:13]} 4. c4 {[%emt 0:00:09]} O-O {[%emt 0:01:30]} 5. Nc3 {[%emt 0:00:35]} d6 {[%emt 0:01:22]} 6. d4 {[%emt 0:00:35]} Nbd7 {[%emt 0:03:43]} 7. Qc2 {[%emt 0:04:49]} c6 {[%emt 0:04:59]} 8. e4 {[%emt 0:01:42]} a6 {[%emt 0:06:09]} 9. Be2 {[%emt 0:02:54]} b5 {[%emt 0:02:44]} 10. O-O {[%emt 0:04:10]} Bb7 {[%emt 0:03:37]} 11. e5 {[%emt 0:04:12]} Nh5 {[%emt 0:09:35]} 12. Rad1 {[%emt 0:08:29]} Qc7 {[%emt 0:07:19]} 13. e6 {[%emt 0:04:05]} fxe6 {[%emt 0:01:37]} 14. Ng5 {[%emt 0:00:09]} Nf4 {[%emt 0:03:00]} 15. Bc1 {[%emt 0:00:19]} e5 {[%emt 0:05:48]} 16. Bxf4 {[%emt 0:01:08]} exf4 {[%emt 0:00:24]} 17. Ne6 {[%emt 0:00:19]} Qb6 {[%emt 0:00:04]} 18. Nxf8 {[%emt 0:00:53]} Rxf8 {[%emt 0:00:04]} 19. Bg4 {[%emt 0:01:04]} Nf6 {[%emt 0:01:06]} 20. Be6+ {[%emt 0:00:15]} Kh8 {[%emt 0:00:09]} 21. Ne4 {[%emt 0:02:47]} Nxe4 {[%emt 0:05:48]} 22. Qxe4 {[%emt 0:03:59]} Qa5 {[%emt 0:00:48]} 23. Rd3 {[%emt 0:08:13]} Qxa2 {[%emt 0:01:57]} 24. Rh3 {[%emt 0:00:55]} Rf6 {[%emt 0:00:08]} 25. c5 {[%emt 0:05:00]} Qa3 {[%emt 0:02:25]} 26. Bd7 {[%emt 0:09:02]} Bf8 {[%emt 0:00:58]} 27. Bxc6 {[%emt 0:02:33]} Bxc6 {[%emt 0:09:35]} 28. Qxc6 {[%emt 0:00:13]} dxc5 {[%emt 0:00:08]} 29. Qxc5 {[%emt 0:00:06]} Qxc5 {[%emt 0:00:08]} 30. dxc5 {[%emt 0:00:04]} b4 {[%emt 0:00:21]} 31. Rd1 {[%emt 0:04:51]} Rc6 {[%emt 0:00:23]} 32. Rd5 {[%emt 0:00:52]} e6 {[%emt 0:00:28]} 33. Rd8 {[%emt 0:01:48]} Kg8 {[%emt 0:00:20]} 34. g3 {[%emt 0:01:04]} Rxc5 {[%emt 0:00:53]} 35. gxf4 {[%emt 0:00:08]} Rf5 {[%emt 0:00:15]} 36. Re3 {[%emt 0:01:10]} Kf7 {[%emt 0:00:48]} 37. Re4 {[%emt 0:00:54]} Be7 {[%emt 0:02:45]} 38. Rd7 {[%emt 0:00:37]} Kf6 {[%emt 0:01:57]} 39. Rc7 {[%emt 0:01:02]} Bd6 {[%emt 0:01:29]} 40. Rcc4 {[%emt 0:01:36]} a5 {[%emt 0:03:30]} 41. Kg2 {[%emt 0:02:53]} h6 {[%emt 0:01:56]} 42. h3 {[%emt 0:01:44]} Ke7 {[%emt 0:01:19]} 43. Rc6 {[%emt 0:00:34]} Rd5 {[%emt 0:01:14]} 44. Ra6 {[%emt 0:00:42]} Rf5 {[%emt 0:01:08]} 45. Ra7+ {[%emt 0:03:39]} Kf6 {[%emt 0:00:24]} 46. Ra8 {[%emt 0:00:23]} Ke7 {[%emt 0:02:32]} 47. Kf3 {[%emt 0:05:58]} g5 {[%emt 0:00:57]} 48. Kg4 {[%emt 0:00:11]} gxf4 {[%emt 0:01:23]} 49. Re8+ {[%emt 0:00:45]} Kd7 {[%emt 0:01:00]} 50. R8xe6 {[%emt 0:00:59]} Rg5+ {[%emt 0:01:09]} 51. Kf3 {[%emt 0:01:18]} Rh5 {[%emt 0:00:38]} 52. Ke2 {[%emt 0:03:50]} Rxh3 {[%emt 0:00:49]} 53. Rg6 {[%emt 0:00:05]} f3+ {[%emt 0:01:51]} 54. Kd3 {[%emt 0:01:42]} Bc5 {[%emt 0:02:16]} 55. Rf4 {[%emt 0:00:07]} Ke7 {[%emt 0:02:27]} 56. Rc4 {[%emt 0:02:21]} Rh5 {[%emt 0:00:26]} 57. Rc2 {[%emt 0:00:27]} Kd7 {[%emt 0:01:20]} 58. Ke4 {[%emt 0:00:56]} Kc7 {[%emt 0:03:02]} 59. Rf6 {[%emt 0:02:47]} Kb7 {[%emt 0:02:18]} 60. Kxf3 {[%emt 0:00:37]} Rh3+ {[%emt 0:00:43]} 61. Ke4 {[%emt 0:00:10]} Bb6 {[%emt 0:00:41]} 62. f3 {[%emt 0:00:15]} Rh4+ {[%emt 0:00:11]} 63. f4 {[%emt 0:01:59]} Rh3 {[%emt 0:00:04]} 64. Rf7+ {[%emt 0:00:35]} Ka6 {[%emt 0:00:21]} 65. Rf6 {[%emt 0:00:07]} Re3+ {[%emt 0:01:00]} 66. Kd5 {[%emt 0:00:56]} Rd3+ {[%emt 0:00:18]} 67. Ke4 {[%emt 0:00:28]} Re3+ {[%emt 0:00:32]} 68. Kf5 {[%emt 0:00:14]} Kb5 {[%emt 0:00:59]} 69. Rc8 {[%emt 0:00:21]} Rc3 {[%emt 0:01:11]} 70. Rb8 {[%emt 0:00:09]} Rc6 {[%emt 0:00:09]} 71. Rxc6 {[%emt 0:00:25]} Kxc6 {[%emt 0:00:06]} 72. Ke4 {[%emt 0:01:08]} h5 {[%emt 0:00:27]} 73. f5 {[%emt 0:00:20]} h4 {[%emt 0:00:10]} 74. f6 {[%emt 0:00:10]} h3 {[%emt 0:00:12]} 75. f7 {[%emt 0:00:07]} h2 {[%emt 0:00:07]} 76. Rh8 {[%emt 0:00:12]} 1-0

[Event "Kragero Resort A 2020"]
[Site "Kragero"]
[Date "2020.02.21"]
[Round "5.26"]
[White "Digernes, Magnus"]
[Black "Van Dael, Siem"]
[Result "0-1"]
[WhiteElo "2017"]
[BlackElo "2257"]
[Annotator "NA"]
[PlyCount "136"]
[EventDate "2020.02.19"]
[EventType "swiss"]
[EventCountry "NOR"]
[SourceTitle "playchess.com"]
[Source "ChessBase"]
[SourceQuality "1"]
[TimeControl "5400+30"]

1. d4 {[%emt 0:00:23]} g6 {[%emt 0:01:37]} 2. c4 {[%emt 0:00:12]} Bg7 {[%emt 0:00:06]} 3. Nc3 {[%emt 0:00:10]} d6 {[%emt 0:00:07]} 4. Nf3 {[%emt 0:00:30]} e5 {[%emt 0:03:11]} 5. dxe5 {[%emt 0:04:55]} dxe5 {[%emt 0:00:40]} 6. Qxd8+ {[%emt 0:00:12]} Kxd8 {[%emt 0:00:10]} 7. Bg5+ {[%emt 0:00:32]} f6 {[%emt 0:00:24]} 8. O-O-O+ {[%emt 0:00:21]} Nd7 {[%emt 0:00:45]} 9. Bh4 {[%emt 0:06:20] A41: 1 d4 d6: Tartakower System and Modern Defence.} Ne7 {[%emt 0:00:56]} 10. Ne4 {[%emt 0:15:00]} Ke8 {[%emt 0:02:34] [#]} 11. g4 $146 {[%emt 0:04:33]} ({Predecessor:} 11. Rxd7 Bxd7 12. Nxf6+ Bxf6 13. Bxf6 Rf8 14. Bxe5 c6 15. e4 Bg4 16. Ng5 Rxf2 17. h3 {0-1 (37) Villalba Velazquez,A-Giuzzi,E Villa Giardino 2002}) 11... Kf7 {[%emt 0:02:15]} 12. g5 {[%emt 0:08:03]} f5 {[%emt 0:02:30]} 13. Nf6 {[%emt 0:10:12]} Ke6 {[%emt 0:00:52]} 14. e3 {[%emt 0:03:04]} Nxf6 {[%emt 0:00:48]} 15. gxf6 {[%emt 0:02:19]} Bxf6 {[%emt 0:00:05]} 16. Bg3 {[%emt 0:08:10]} g5 {[%emt 0:03:03]} 17. h4 {[%emt 0:00:58]} g4 {[%emt 0:02:34]} 18. Ng5+ {[%emt 0:00:12]} Bxg5 {[%emt 0:00:05]} 19. hxg5 {[%emt 0:00:04]} Ng6 {[%emt 0:00:30]} 20. c5 {[%emt 0:06:06]} Ke7 {[%emt 0:03:33]} 21. Bg2 {[%emt 0:06:14]} c6 {[%emt 0:00:35]} 22. Rh6 {[%emt 0:01:30]} Be6 {[%emt 0:03:29]} 23. Rdh1 {[%emt 0:03:15]} Bxa2 {[%emt 0:00:34]} 24. Rxh7+ {[%emt 0:00:17]} Rxh7 {[%emt 0:00:15]} 25. Rxh7+ {[%emt 0:00:07]} Bf7 {[%emt 0:00:05]} 26. Bf1 {[%emt 0:04:40]} Kf8 {[%emt 0:04:06]} 27. Bd3 {[%emt 0:01:10]} e4 {[%emt 0:00:32]} 28. Bc2 {[%emt 0:00:49]} Kg8 {[%emt 0:00:10]} 29. Rh6 {[%emt 0:01:07]} Kg7 {[%emt 0:00:09]} 30. Rh1 {[%emt 0:03:54]} Rd8 {[%emt 0:03:04]} 31. Bd6 {[%emt 0:01:54]} Rh8 {[%emt 0:01:38]} 32. Rd1 {[%emt 0:01:19]} Bd5 {[%emt 0:03:18]} 33. Kd2 {[%emt 0:01:33]} Kf7 {[%emt 0:01:30]} 34. Kc3 {[%emt 0:01:15]} Ke6 {[%emt 0:00:25]} 35. Kd4 $17 {[%emt 0:02:08]} Nh4 {[%emt 0:02:53]} 36. Ra1 {[%emt 0:01:27]} a6 {[%emt 0:00:25]} 37. Bf4 {[%emt 0:00:35]} Rh5 {[%emt 0:01:12]} 38. Ra4 {[%emt 0:01:46]} Nf3+ {[%emt 0:01:07]} 39. Kc3 {[%emt 0:00:09]} Nxg5 {[%emt 0:00:06]} 40. Rb4 {[%emt 0:00:13]} Nh3 {[%emt 0:00:06]} 41. Bg3 {[%emt 0:00:39]} Rh7 {[%emt 0:00:07]} 42. Rd4 {[%emt 0:01:11]} Ng1 {[%emt 0:00:22]} 43. Rd2 {[%emt 0:00:40]} Nf3 {[%emt 0:00:43]} 44. Rd1 {[%emt 0:00:07]} Ne5 {[%emt 0:00:07]} 45. b3 {[%emt 0:01:42]} Nd7 {[%emt 0:03:10]} 46. Kb4 {[%emt 0:00:21]} a5+ {[%emt 0:00:30]} 47. Kxa5 {[%emt 0:00:22]} Nxc5 {[%emt 0:00:06]} 48. Kb6 {[%emt 0:00:41]} Na6 {[%emt 0:01:35]} 49. Rd4 {[%emt 0:00:33]} c5 {[%emt 0:01:16]} 50. Rd2 {[%emt 0:00:13]} Rh1 {[%emt 0:00:13]} 51. Bd1 {[%emt 0:00:20]} Rf1 {[%emt 0:00:33]} 52. Be2 {[%emt 0:00:12]} Rb1 {[%emt 0:03:28]} 53. Bxa6 {[%emt 0:01:06]} bxa6 {[%emt 0:00:05]} 54. Kxc5 {[%emt 0:00:09]} Rxb3 {[%emt 0:00:05]} 55. Rd1 {[%emt 0:01:02]} Rb5+ {[%emt 0:00:18]} 56. Kd4 {[%emt 0:00:13]} a5 {[%emt 0:00:05]} 57. Ra1 {[%emt 0:00:21]} Bb3 {[%emt 0:00:46]} 58. Rh1 {[%emt 0:00:56]} Rd5+ {[%emt 0:03:28]} 59. Kc3 {[%emt 0:00:07]} Rd3+ {[%emt 0:00:02]} 60. Kb2 {[%emt 0:00:07]} a4 {[%emt 0:00:29]} 61. Rh6+ {[%emt 0:00:24]} Kd5 {[%emt 0:00:15]} 62. Rf6 {[%emt 0:00:52]} Kc4 {[%emt 0:00:09]} 63. Rc6+ {[%emt 0:00:49]} Kb5 {[%emt 0:00:10]} 64. Rf6 {[%emt 0:00:34]} Rd2+ {[%emt 0:00:09]} 65. Kc1 {[%emt 0:00:12]} Rc2+ {[%emt 0:00:25]} 66. Kb1 {[%emt 0:00:13]} a3 {[%emt 0:00:19]} 67. Rxf5+ {[%emt 0:00:23]} Ka4 {[%emt 0:00:05]} 68. Rf8 {[%emt 0:01:19]} a2+ {[%emt 0:00:09]} 0-1

[Event "Kragero Resort A 2020"]
[Site "Kragero"]
[Date "2020.02.21"]
[Round "5.27"]
[White "Heimisson, Hilmir Freyr"]
[Black "Manukyan, Hayk T."]
[Result "1-0"]
[WhiteElo "2250"]
[BlackElo "1824"]
[Annotator "ChessBase"]
[PlyCount "29"]
[EventDate "2020.02.19"]
[EventType "swiss"]
[EventCountry "NOR"]
[SourceTitle "playchess.com"]
[Source "ChessBase"]
[SourceQuality "1"]
[TimeControl "5400+30"]

1. Nf3 {[%emt 0:00:00]} d5 {[%emt 0:00:00]} 2. c4 {[%emt 0:00:36]} c6 {[%emt 0:00:00]} 3. g3 {[%emt 0:00:07]} Nf6 {[%emt 0:00:02]} 4. Bg2 {[%emt 0:00:13]} Bg4 {[%emt 0:02:36]} 5. Ne5 {[%emt 0:00:26]} Bf5 {[%emt 0:00:29]} 6. cxd5 {[%emt 0:08:09]} cxd5 {[%emt 0:00:20]} 7. Qa4+ {[%emt 0:00:38]} Nbd7 {[%emt 0:14:07]} 8. Nc3 {[%emt 0:03:51]} Qc7 {[%emt 0:11:09]} 9. d4 {[%emt 0:08:18]} e6 {[%emt 0:00:52]} 10. O-O {[%emt 0:17:38]} Qb6 {[%emt 0:09:38]} 11. e4 {[%emt 0:16:55]} dxe4 {[%emt 0:09:03]} 12. g4 {[%emt 0:00:15]} Bxg4 {[%emt 0:26:34]} 13. Nxe4 {[%emt 0:00:13]} Ke7 {[%emt 0:12:39]} 14. Bg5 {[%emt 0:02:15]} Rd8 {[%emt 0:05:14]} 15. Nxg4 {[%emt 0:00:21]} 1-0